01581nam a2200325 i 4500001001000000003000900010005001700019007000300036008004100039020001800080040003000098082002000128100006100148245007500209250002200284264004900306300002600355336002700381337003300408338002800441500007000469500003500539504003300574590002600607942001400633952014800647952015600795952028700951999001701238000047275DO-SdBNP20250508094640.0ta180426s2017 dr r 000 0 spa d a9789945609011 aDO-SdBNPbspacBNPHUerda axxxxbA347r2221 aAlcántara Almánzar, Joséd1946-eautor4aut.9701810aReflejos del siglo veinte dominicano /cJosé Alcántara Almánzar. aPrimera edición 1aSanto Domingo :bEditorial Santuario,c2017. a314 páginasc23 cm. atextobtxt2rdacontent asin mediaciónbn2rdamedia avolumenbnc2rdacarrier aIncluye datos biográficos del autor en la solapa de la cubierta aIncluye índice onomástico. aBibliografía : p. 277-296. aInventariado, 2020/BT 2ddccLBS1 00102ddc56708DSaBNPHUbBNPHUcHDd2018-04-26iLF1l0oBNPHU DS xxxx A347rp47275-30r2020-06-25te.3w2020-06-25yLBS1ZPréstamo en sala 00102ddc51708PDaBNPHUbBNPHUcHDd2017-08-10eDepósito Legal iLF1l0oBNPHU PD xxxx A347rp47275-10r2020-06-25w2020-06-25yLBS1ZNo se presta 00102ddc51708PDaBNPHUbBNPHUcHDd2023-12-01eDonado por la Presidencia de la República Dominicana 2023iLF1l0oBNPHU PD xxxx A347rp47275-20r2020-06-25te.2yLBS1zPerteneció a la biblioteca personal de René Rodríguez Soriano/ Autografiado por el autorZNo se presta c46763d46763